000 00476nam a2200181Ia 4500
008 151202s9999||||xx |||||||||||||| ||und||
082 _bPNVM-15714
100 _aLENIN V. I.
245 _aMATERIALISM & EMPIRIO CRITICISM.
260 _bFOREIGN LANGUAGES PUB. MOSCOW.
260 _c0
300 _a391
600 _aLENIN V. I.
630 _aMATERIALISM & EMPIRIO CRITICISM.
700 _aLENIN V. I.
730 _aMATERIALISM & EMPIRIO CRITICISM.
942 _cBOOK
999 _c1281699
_d1281696